| 000 | 01070nam a22002055i 4500 | ||
|---|---|---|---|
| 001 | 162665 | ||
| 003 | ES-MaACL | ||
| 005 | 20230906212557.0 | ||
| 008 | 990913s1867 sp |||| | spa d | ||
| 040 |
_aCAM _bspa _cCAM |
||
| 100 | 1 |
_aPruneda, Pedro. _9131393 |
|
| 245 | 1 | 0 |
_aHistoria de la guerra de Méjico, desde 1861 á 1867 _b: con todos los documentos diplomáticos justificativos : precedida de una introducción que la comprende la descripción topográfica del territorio... y acompañada de 25 á 30 láminas litografiadas, representando retratos de los principales personajes y vistas de las ciudades mas populosas / _cpor Pedro Pruneda. |
| 260 |
_aMadrid : _bElizalde y Compañía, editores, _c1867 ( _fImprenta de los Sres. Rojas) |
||
| 300 |
_aXI, 462 p., [32] h. de lám. ; _c32 cm. |
||
| 597 | _aPort con grab. xil. | ||
| 597 | _aTexto a dos columnas. | ||
| 599 | _aLas h. de grab lit.: "García dibujó", "Lit. de N. Gonz. | ||
| 651 | 4 |
_aMéxico- _xHistoria- _y1861-1867, Intervención europea. _9146885 |
|
| 852 |
_aES-MaACL _jG-4999 _z-- Enc. hol. |
||
| 999 |
_c162665 _d162665 |
||